header

Hack proofing Windows 2000 (Record no. 397)

MARC details
000 -LEADER
fixed length control field 01364nam a2200349 a 4500
082 04 - DEWEY DECIMAL CLASSIFICATION NUMBER
Classification number 005.8
100 1# - MAIN ENTRY--AUTHOR NAME
Personal name Todd, Chad.
245 10 - TITLE STATEMENT
Title Hack proofing Windows 2000
260 ## - PUBLICATION, DISTRIBUTION, ETC. (IMPRINT)
Place of publication Rockland, Mass. :
Name of publisher Syngress ;
Place of publication [London :
Name of publisher International Thomson [distributor]],
Year of publication c2001.
300 ## - PHYSICAL DESCRIPTION
Number of Pages xxv, 693 p. :
Other physical details ill.
500 ## - GENERAL NOTE
General note Includes index.
General note Cover title: Hack proofing Windows 2000 server.
650 #0 - SUBJECT ADDED ENTRY--TOPICAL TERM
Topical Term Computer security.
Topical Term Computer networks
856 40 - ELECTRONIC LOCATION AND ACCESS
Uniform Resource Identifier http://site.ebrary.com/lib/rucke/Doc?id=10007043

No items available.

© 2026 Rongo University
Contact us: librarian | system librarian | Rongo university